Elementos para una renovación de la enseñanza media /

Guardado en:
Autor Principal: Tula, María Arsenia
Otros Autores: Loprete, Neli G. de
Formato: Libro
Publicado: Buenos Aires : Guadalupe, 1967
Series:Biblioteca Pedag¢gica
Materias:
Etiquetas: Agregar Etiqueta
Sin Etiquetas, Sea el primero en etiquetar este registro!
LEADER 00563nam a22001935a 4500
001 CEM.cems006333
005 20060214000000.0
008 130507s1967##################000#0#####d
003 CEMS
082 0 4 |a 373 
100 1 |a Tula, María Arsenia 
245 1 0 |a Elementos para una renovación de la enseñanza media / 
260 |a Buenos Aires :  |b Guadalupe,  |c 1967 
300 |a 222 p. 
490 0 |a Biblioteca Pedag¢gica 
653 |a Educacion 
653 |a Educacion secundaria 
700 1 |a Loprete, Neli G. de 
859 |a CEMS  |b BIB. CEMS - 11 de abril  |h 373  |i T82  |p 3798.75  |t Ej.1